000 00556nam a2200169 i 4500
001 35555
003 ES-MaACL
005 20230906155142.0
007 t|
008 030213s1965 sp ||||1| spa d
100 1 _aBowers, Swithun.
_931138
245 1 0 _aIntroducción a la supervisión
_b: guía para los supervisores de prácticas /
_cSwithun Bowers ; [traductor: Agustín Gil Lasierra].
260 _aMadrid :
_bEuroamérica,
_c[1965]
300 _a78 p. ;
_c18 cm.
700 1 _aGil Lasierra, Agustín.
_956831
852 _aES-MaACL
_jC-28322
_bR.57045
999 _c35555
_d35555